Équipe du Portugal pour la coupe du monde 2026 - Statistiques

Statistiques générales
  • Ce quiz a été pris 28 fois
  • Le résultat moyen est 16 sur 26
Statistiques - réponses
nom % Correct
Cristiano Ronaldo
96%
Nuno Mendes
96%
João Neves
92%
Bruno Fernandes
88%
Rúben Neves
88%
Vitinha
85%
Rafael Leão
81%
Rúben Dias
81%
Bernardo Silva
73%
Diogo Costa
73%
Gonçalo Ramos
73%
Samuel Costa
69%
João Félix
62%
José Sá
62%
Rui Silva
62%
Nélson Semedo
58%
João Cancelo
54%
Diogo Dalot
50%
Francisco Conceição
42%
Francisco Trincão
42%
Gonçalo Inácio
42%
Pedro Neto
42%
Gonçalo Guedes
27%
Renato Veiga
27%
Tomás Araújo
23%
Matheus Nunes
19%
Aucun quiz correspondant
Distribution des résultats
% des personnes avec chaque résultat
Percentile par nombre de réponses
Votre historique - résultats
Vous n’avez pas pris ce quiz